Memorias de La Victoria : Relatos de vida en torno a los inicios de la Población /

La madrugada del 30 de octubre de 1957, un gran número de familias ocupó los terrenos de la chacra La Feria, entonces parte de la comuna de San Miguel. Provenientes del "cordón de la miseria", como se llamaba a las poblaciones callampas ubicadas en torno a la extensión del Zajón de la aguada, buscab...

Full description

Bibliographic Details
Corporate Author: Grupo Identidad de Memoria Popular
Format: Libro
Language:Spanish
Published: Santiago, Chile Quimantú 2007
Edition:1a. ed.
Series:Retrovisor
Subjects:

MARC

LEADER 00000cam a2200000 a 4500
001 023972
003 UAHC_CL
005 20170803122325.0
008 071016s2007 cl 000 spa
040 |a UAHC_CL  |c UAHC_CL  |d UAHC_CL 
082 0 4 |a 983.2  |2 21 
245 1 0 |a Memorias de La Victoria :  |b Relatos de vida en torno a los inicios de la Población /  |c Grupo Identidad de Memoria Popular. 
250 |a 1a. ed. 
260 |b Quimantú  |a Santiago, Chile  |c 2007 
300 |a 134 p. 
490 0 |a Retrovisor 
520 |a La madrugada del 30 de octubre de 1957, un gran número de familias ocupó los terrenos de la chacra La Feria, entonces parte de la comuna de San Miguel. Provenientes del "cordón de la miseria", como se llamaba a las poblaciones callampas ubicadas en torno a la extensión del Zajón de la aguada, buscaban soluciones frente al problema habitacional que ha afectado a amplios sectores de trabajadores pobres, especialmente en la primera mitad del siglo recién pasado. 
651 4 |a POBLACION LA VICTORIA (SANTIAGO, CHILE)  |x HISTORIA 
653 |a SOCIOLOGIA 
710 1 |a Grupo Identidad de Memoria Popular 
900 |a 983.2 MEM 
942 |c BK 
952 |0 0  |1 0  |4 0  |6 983_200000000000000_MEM  |7 0  |8 General  |9 48156  |a BR  |b BR  |c General  |d 2017-08-03  |l 3  |m 3  |o 983.2 MEM  |p 1360425  |r 2026-01-14 00:00:00  |s 2024-10-30  |t 1  |w 2017-08-03  |y BK 
999 |c 23972  |d 23972